LEADER 01022nam a2200217 i 4500 001 000000219032 003 CaOOAMICUS 005 20260526142103.0 008 130301s1911 xx u000 u lat u 013 $a197929 040 $aSeMil$bita 100 1 $aManzoni, Cesare,$d<1865-1950>.$0(OLS)http://semarc/name/12848 245 10$a3: De Verbo incarnato ; De B. V. Maria. De gratia /$cauctore Caesare Manzoni. 264 1$aAugustae Taurinorum :$bEx libraria a SS. Corde Jesu,$c1911. 300 $aXIV, 407 p. ;$c24 cm 773 0 $aManzoni, Cesare <1865-1950>$tCompendium theologiae dogmaticae.$dAugustae Taurinorum : Ex libraria a SS. Corde Jesu, 1910-1914.$g3$w()28132 850 $aSeMil 852 $aSeMil$W1$xVenegono$y1$m2B IV 617$j272545$B169402$CSeMilBibl$Z2$F180128 $81 996 $6245$a3: De Verbo incarnato ; De B. V. Maria. De gratia$9(OLS)http://semarc/title/314334 996 $6264$aAugustae Taurinorum :$bEx libraria a SS. Corde Jesu$9(OLS)http://semarc/publisher/37629